<?xml version="1.0" encoding="UTF-8"?>
<record
    xmlns:xsi="http://www.w3.org/2001/XMLSchema-instance"
    xsi:schemaLocation="http://www.loc.gov/MARC21/slim http://www.loc.gov/standards/marcxml/schema/MARC21slim.xsd"
    xmlns="http://www.loc.gov/MARC21/slim">

  <leader>01080nam a2200229 a 4500</leader>
  <controlfield tag="001">47416</controlfield>
  <controlfield tag="003">BD-RjUL</controlfield>
  <controlfield tag="005">20211209054317.0</controlfield>
  <controlfield tag="008">160808s1967    bg ||||| |||| 00| 0 eng d</controlfield>
  <datafield tag="020" ind1=" " ind2=" ">
    <subfield code="c">: Tk. 0.75</subfield>
  </datafield>
  <datafield tag="035" ind1=" " ind2=" ">
    <subfield code="a">(BD-RjUL)</subfield>
  </datafield>
  <datafield tag="040" ind1=" " ind2=" ">
    <subfield code="a">BD-RjUL</subfield>
    <subfield code="b">ben</subfield>
    <subfield code="c">BD-RjUL</subfield>
  </datafield>
  <datafield tag="041" ind1=" " ind2=" ">
    <subfield code="a">ben</subfield>
  </datafield>
  <datafield tag="082" ind1=" " ind2=" ">
    <subfield code="2">23</subfield>
    <subfield code="a">297.61092</subfield>
    <subfield code="b">ABP 1967</subfield>
  </datafield>
  <datafield tag="100" ind1="1" ind2=" ">
    <subfield code="a">&#x986;&#x9AC;&#x9C1;&#x9A4;&#x9BE;&#x9B2;&#x9C7;&#x9AC;, &#x9AE;&#x9C1;&#x9B9;&#x9AE;&#x9CD;&#x9AE;&#x9A6;</subfield>
    <subfield code="9">144213</subfield>
  </datafield>
  <datafield tag="245" ind1="1" ind2="0">
    <subfield code="a">&#x9AA;&#x9BE;&#x9A6;&#x9B0;&#x9C0; &#x9B0;&#x9C7;&#x9AD;&#x9BE;&#x9B0;&#x9C7;&#x9A3;&#x9CD;&#x9A1; &#x99C;&#x9A8; &#x99C;&#x9AE;&#x9C0;&#x9B0;&#x989;&#x9A6;&#x9CD;&#x9A6;&#x9C0;&#x9A8;&#x9C7;&#x9B0; &#x987;&#x9B8;&#x9B2;&#x9BE;&#x9AE; &#x997;&#x9B9;&#x9A3; :</subfield>
    <subfield code="b">&#x9B6;&#x9C7;&#x996; &#x99C;&#x9AE;&#x9C0;&#x9B0;&#x989;&#x9A6;&#x9CD;&#x9A6;&#x9C0;&#x9A8;&#x9C7;&#x9B0; &#x986;&#x9A4;&#x9CD;&#x9A8;-&#x99C;&#x9C0;&#x9AC;&#x9A8;&#x9C0; /</subfield>
    <subfield code="c">&#x9AE;&#x9C1;&#x9B9;&#x9AE;&#x9CD;&#x9AE;&#x9A6; &#x986;&#x9AC;&#x9C1;&#x9A4;&#x9BE;&#x9B2;&#x9C7;&#x9AC;.</subfield>
  </datafield>
  <datafield tag="260" ind1=" " ind2=" ">
    <subfield code="a">&#x9B0;&#x9BE;&#x99C;&#x9B6;&#x9BE;&#x9B9;&#x9C0; :</subfield>
    <subfield code="b">&#x987;&#x9B8;&#x9B2;&#x9BE;&#x9AE;&#x9C0; &#x9AE;&#x9B8;&#x9B2;&#x9BF;&#x9B8; ;</subfield>
    <subfield code="c">&#x9E7;&#x9EF;&#x9EC;&#x9ED; .</subfield>
  </datafield>
  <datafield tag="300" ind1=" " ind2=" ">
    <subfield code="a">&#x9E8;&#x9E8;&#x9AA;&#x9C3; ;</subfield>
    <subfield code="c">&#x9E8;&#x9E6; &#x9B8;&#x9C7;&#x9AE;&#x9BF; .</subfield>
  </datafield>
  <datafield tag="600" ind1=" " ind2=" ">
    <subfield code="a">&#x9AA;&#x9BE;&#x9A6;&#x9B0;&#x9C0; &#x9B0;&#x9C7;&#x9AD;&#x9BE;&#x9B0;&#x9C7;&#x9A3;&#x9CD;&#x9A1; &#x99C;&#x9A8; &#x99C;&#x9AE;&#x9C0;&#x9B0;&#x989;&#x9A6;&#x9CD;&#x9A6;&#x9C0;&#x9A8;&#x9C7;&#x9B0; &#x987;&#x9B8;&#x9B2;&#x9BE;&#x9AE; &#x997;&#x9B9;&#x9A3;</subfield>
    <subfield code="x">&#x99C;&#x9C0;&#x9AC;&#x9A8;&#x9C0;</subfield>
    <subfield code="9">144262</subfield>
  </datafield>
  <datafield tag="600" ind1=" " ind2=" ">
    <subfield code="a">Clergyman  the Reverend John jamirauddinera Islam gahana</subfield>
    <subfield code="x">Bibliography</subfield>
    <subfield code="9">144263</subfield>
  </datafield>
  <datafield tag="942" ind1=" " ind2=" ">
    <subfield code="2">ddc</subfield>
    <subfield code="c">BK</subfield>
  </datafield>
  <datafield tag="999" ind1=" " ind2=" ">
    <subfield code="c">47416</subfield>
    <subfield code="d">47416</subfield>
  </datafield>
  <datafield tag="952" ind1=" " ind2=" ">
    <subfield code="0">0</subfield>
    <subfield code="1">0</subfield>
    <subfield code="2">ddc</subfield>
    <subfield code="4">0</subfield>
    <subfield code="7">0</subfield>
    <subfield code="8">NFIC</subfield>
    <subfield code="a">RUCL</subfield>
    <subfield code="b">RUCL</subfield>
    <subfield code="c">Stack</subfield>
    <subfield code="d">1969-04-14</subfield>
    <subfield code="g">0.75</subfield>
    <subfield code="l">0</subfield>
    <subfield code="o">B 297.61092 ABP 1967</subfield>
    <subfield code="r">2016-08-08 00:00:00</subfield>
    <subfield code="t">C-2</subfield>
    <subfield code="w">2021-12-09</subfield>
    <subfield code="y">BK</subfield>
  </datafield>
</record>
